[Event "Championnat de France des Jeunes - Benja"]
[Site "AIX LES BAINS"]
[Date "2009.04.24"]
[Round "7.9"]
[White "Laric, Emilie"]
[Black "Kambrath, Linda"]
[Result "0-1"]
[WhiteElo "1540"]
[BlackElo "1680"]
[PlyCount "78"]

1. d4 d5 2. c4 dxc4 3. Nf3 Nf6 4. Nc3 e6 5. e3 c5 6. Bxc4 a6 7. a4 Nc6 8. O-O
cxd4 9. Nxd4 Nb4 10. Bd2 Bc5 11. Nc2 O-O 12. Ne2 Nxc2 13. Qxc2 Qc7 14. Bc3 Ng4
15. Ng3 Nxe3 16. fxe3 Bxe3+ 17. Kh1 Qxc4 18. Rae1 Bh6 19. b3 Qc7 20. Qb2 f6 21.
Re4 b5 22. Rg4 e5 23. Nf5 Bxf5 24. Rxf5 Qd7 25. Qc2 Rad8 26. h3 Qd1+ 27. Qxd1
Rxd1+ 28. Kh2 Rd3 29. Rf3 Rxf3 30. gxf3 Bf4+ 31. Kg1 bxa4 32. bxa4 Rc8 33. Be1
Rc4 34. a5 Be3+ 35. Bf2 Bxf2+ 36. Kxf2 Rxg4 37. fxg4 Kf7 38. Ke3 Ke6 39. Kd3
Kd5 0-1

[Event "Championnat de France des Jeunes - Benja"]
[Site "AIX LES BAINS"]
[Date "2009.04.24"]
[Round "7.10"]
[White "Henry, Laura"]
[Black "Massard, Aurelie"]
[Result "1-0"]
[WhiteElo "1663"]
[BlackElo "1580"]
[PlyCount "54"]

1. e4 d5 2. exd5 Nf6 3. d4 Bg4 4. Bb5+ Nbd7 5. f3 Bf5 6. c4 a6 7. Ba4 e6 8.
dxe6 Bb4+ 9. Bd2 Bxd2+ 10. Qxd2 Bxe6 11. d5 Bf5 12. Nc3 O-O 13. Nge2 Ne5 14.
O-O Nxc4 15. Qf4 Bd3 16. Rad1 Nxb2 17. Rd2 Nxa4 18. Rxd3 Nxc3 19. Nxc3 Qe7 20.
Rfd1 Rad8 21. Ne4 Nxe4 22. fxe4 Rfe8 23. Rf1 Qxe4 24. Qxf7+ Kh8 25. Rdf3 Qd4+
26. Kh1 Qxd5 27. Qxd5 Rc8 1-0

[Event "Championnat de France des Jeunes - Benja"]
[Site "AIX LES BAINS"]
[Date "2009.04.24"]
[Round "7.11"]
[White "Dubois, Marie"]
[Black "Aggoune, Audessa"]
[Result "1-0"]
[WhiteElo "1636"]
[BlackElo "1570"]
[PlyCount "45"]

1. d4 d5 2. c4 dxc4 3. Nc3 c6 4. a4 e5 5. Nf3 exd4 6. Qxd4 Na6 7. Qxd8+ Kxd8 8.
Bg5+ f6 9. Rd1+ Kc7 10. Bf4+ Kb6 11. e4 Be6 12. Nd4 Bf7 13. Nf5 Bb4 14. Nd6 Be6
15. Nxc4+ Bxc4 16. Bxc4 Re8 17. f3 f5 18. O-O Bxc3 19. bxc3 fxe4 20. a5+ Kc5
21. Bf7 Rc8 22. Be3+ Kb5 23. Rb1+ 1-0

[Event "Championnat de France des Jeunes - Benja"]
[Site "AIX LES BAINS"]
[Date "2009.04.24"]
[Round "7.12"]
[White "Verwaerde, Jolanthe"]
[Black "Vignette, Jeanne"]
[Result "0-1"]
[WhiteElo "1590"]
[BlackElo "1502"]
[PlyCount "90"]

1. e4 e5 2. Nf3 Nc6 3. d4 exd4 4. Bc4 Bc5 5. c3 Nf6 6. cxd4 Bb4+ 7. Bd2 Bxd2+
8. Nbxd2 d5 9. exd5 Nxd5 10. O-O O-O 11. Ne4 Bg4 12. h3 Bh5 13. Ng3 Bxf3 14.
Qxf3 Nb6 15. Bb3 Qxd4 16. Rab1 Nd7 17. Rfd1 Nde5 18. Qf5 Qb6 19. Ne4 h6 20. Bc2
Ng6 21. Qc5 Qxc5 22. Nxc5 b6 23. Be4 Nge7 24. Nb3 Rad8 25. a3 Ne5 26. Rxd8 Rxd8
27. Re1 Kf8 28. Kf1 Nc4 29. Rc1 Nd6 30. Bf3 c5 31. Rd1 Ke8 32. Be2 Kd7 33. Nd2
Kc7 34. Ra1 Ndf5 35. Nc4 Nd4 36. Rd1 Nxe2 37. Kxe2 Nd5 38. g3 f6 39. Ra1 Kc6
40. Kd2 Nf4+ 41. Kc2 Nxh3 42. f3 Ng5 43. f4 Ne4 44. Re1 Nxg3 45. Re7 Rd7 0-1

[Event "Championnat de France des Jeunes - Benja"]
[Site "AIX LES BAINS"]
[Date "2009.04.24"]
[Round "7.13"]
[White "Sriskantharajah, Niruja"]
[Black "Hild, Aurelia"]
[Result "1-0"]
[WhiteElo "1643"]
[BlackElo "1570"]
[PlyCount "153"]

1. e4 e5 2. Nf3 Nc6 3. d4 d6 4. Bb5 Bd7 5. d5 Nce7 6. Bxd7+ Qxd7 7. Nc3 Ng6 8.
Be3 Nf6 9. h3 c6 10. Qd3 cxd5 11. Nxd5 Be7 12. O-O O-O 13. c4 Rfc8 14. b3 b6
15. Rad1 Rd8 16. Rfe1 h6 17. Rd2 Nxd5 18. Qxd5 Rac8 19. Red1 Qc6 20. Kh1 Qxd5
21. Rxd5 Rc6 22. Nd2 Rd7 23. Nb1 Kh8 24. Nc3 Kg8 25. R5d3 Bf8 26. Bc1 Ne7 27.
Nb5 Nc8 28. Rg3 Kh7 29. Ba3 a6 30. Nc3 Rcc7 31. Nd5 Rb7 32. Rgd3 a5 33. Nc3 Rd8
34. g3 g6 35. Kg2 Rbd7 36. h4 Be7 37. Nd5 Kg7 38. Nxe7 Rxe7 39. Bxd6 Nxd6 40.
Rxd6 Rb8 41. Rd7 Re6 42. R1d6 Ree8 43. Rc7 Red8 44. Rd5 Re8 45. Kf3 h5 46. Ke2
Re6 47. f3 Rbe8 48. Rb7 Rf6 49. c5 bxc5 50. Rxc5 Ra8 51. Rbb5 Rfa6 52. Rxe5 a4
53. b4 Rc6 54. Rbc5 Rb6 55. a3 Kf8 56. Kd3 Rab8 57. Ra5 Rd8+ 58. Red5 Rc8 59.
Kd2 Rbc6 60. Rac5 Rxc5 61. Rxc5 Rb8 62. Ra5 Rd8+ 63. Ke3 Rc8 64. Rxa4 Ke8 65.
Ra5 Rb8 66. Ra6 Kd7 67. e5 Ke7 68. f4 Rb7 69. Ke4 Rb8 70. f5 gxf5+ 71. Kxf5 Rd8
72. Ra7+ Kf8 73. b5 Rd3 74. b6 Rf3+ 75. Ke4 Rb3 76. b7 Kg7 77. a4 1-0

[Event "Championnat de France des Jeunes - Benja"]
[Site "AIX LES BAINS"]
[Date "2009.04.24"]
[Round "7.14"]
[White "Susini, Lisa"]
[Black "Monemvasitis, Athina"]
[Result "1/2-1/2"]
[WhiteElo "1620"]
[BlackElo "1550"]
[PlyCount "114"]

1. e4 c6 2. d4 d5 3. Nc3 dxe4 4. Nxe4 Bf5 5. Ng3 Bg6 6. Nh3 Nd7 7. Nf4 Ngf6 8.
h4 e6 9. h5 Bf5 10. Nxf5 Qa5+ 11. Bd2 Qxf5 12. Bd3 Qg4 13. Be2 Qf5 14. g4 Qe4
15. Rg1 Qxd4 16. c3 Qb6 17. Qc2 Nd5 18. Nxd5 exd5 19. Be3 Bc5 20. Rg3 O-O-O 21.
O-O-O Rde8 22. Qd2 Nf6 23. Bd3 Ne4 24. Bxe4 Rxe4 25. Rf3 Bxe3 26. fxe3 f6 27.
Rg3 Rhe8 28. Re1 R8e5 29. Kd1 Rg5 30. Reg1 Kd7 31. Kc2 Qc5 32. Kb1 a5 33. Qd3
b5 34. Rc1 a4 35. Qe2 Qc4 36. Qf3 Kd6 37. Rgg1 Rgxg4 38. Rgd1 Qc5 39. Rd4 Qa7
40. Qf5 Rxd4 41. exd4 Rg5 42. Qxh7 Qd7 43. h6 gxh6 44. Qxh6 Qf5+ 45. Ka1 Qg6
46. Qh2+ Kd7 47. Qh3+ Kc7 48. Qe6 Rg1 49. Qe7+ Kc8 50. Qe6+ Kd8 51. Qd6+ Ke8
52. Qxc6+ Kf8 53. Qc8+ Kg7 54. Qd7+ Kf8 55. Qd6+ Ke8 56. Qe6+ Kf8 57. Qd6+ Ke8
1/2-1/2

[Event "Championnat de France des Jeunes - Benja"]
[Site "AIX LES BAINS"]
[Date "2009.04.24"]
[Round "7.15"]
[White "Houzelot, Alice"]
[Black "Savalle, Mathilde"]
[Result "0-1"]
[WhiteElo "1460"]
[BlackElo "1575"]
[PlyCount "112"]

1. d4 d5 2. e3 Nf6 3. c3 e6 4. Nd2 c5 5. Bd3 Nc6 6. f4 Be7 7. Ngf3 O-O 8. O-O
b6 9. Ne5 Bb7 10. Rf3 Re8 11. Rh3 h6 12. Qe1 c4 13. Bc2 b5 14. Qg3 Kf8 15. Qf2
a5 16. g4 Nxe5 17. g5 Nd3 18. Bxd3 cxd3 19. gxf6 Bxf6 20. Qf1 Ba6 21. Qxd3 b4
22. Qc2 Rc8 23. Nf3 Re7 24. Qh7 Rec7 25. Bd2 bxc3 26. Bxc3 Rb7 27. Bxa5 Qxa5
28. Qh8+ Ke7 29. Qxc8 Rxb2 30. Qc5+ Qxc5 31. dxc5 Rc2 32. Rh5 Bxa1 33. f5 Rxc5
34. Nd2 Rc1+ 35. Kf2 Rc2 36. Kf3 Rxd2 37. Rh4 Be2+ 38. Kf2 Rxa2 39. fxe6 fxe6
40. Rb4 Bc3 41. Rb7+ Kf6 42. Rb8 d4 43. exd4 Bxd4+ 44. Kg2 e5 45. Rb4 Rd2 46.
Kg3 Kf5 47. Kg2 Bg4+ 48. Kf1 e4 49. Rb5+ Kf4 50. h3 Rf2+ 51. Ke1 Bxh3 52. Rf5+
Kxf5 53. Kd1 Kf4 54. Ke1 Ke3 55. Kd1 Kd3 56. Kc1 Rf1# 0-1

[Event "Championnat de France des Jeunes - Pupilles"]
[Site "Aix-les-Bains"]
[Date ""]
[Round "7.1"]
[White "Bellahcene, Bilel"]
[Black "Gelas, Christophe"]
[Result "1-0"]
[WhiteElo "1968"]
[BlackElo "1918"]
[Annotator ""]

1. e4 c5 2. Nf3 Nc6 3. Nc3 g6 4. d4 cxd4 5. Nxd4 Bg7 6. Be3 Nf6 7. Bc4 Qa5 8.
O-O O-O 9. Bb3 d6 10. f3 Bd7 11. Qd2 Rfe8 12. Rad1 Rac8 13. Nxc6 Bxc6 14. Bd4
b6 15. Kh1 Qh5 16. Rde1 Red8 17. Qf2 Nd7 18. f4 Bxd4 19. Qxd4 Nc5 20. Bd5 Bd7
21. f5 g5 22. e5 Rf8 23. exd6 exd6 24. b4 Na4 25. Ne4 Qh4 26. Nf6+ Kh8 27. Qxh4
gxh4 28. Nxd7 Rg8 29. Bxf7 Rg7 30. Bb3 1-0

[Event "Championnat de France des Jeunes - Pupil"]
[Site "Aix-les-Bains"]
[Date "2009.04.24"]
[Round "7.2"]
[White "Viennot, Dylan"]
[Black "Lamard, Guillaume"]
[Result "1-0"]
[WhiteElo "1889"]
[BlackElo "2113"]
[PlyCount "73"]

1. e4 e5 2. Nf3 Nc6 3. Bb5 Nge7 4. c3 d6 5. d4 Bd7 6. d5 Nb8 7. Bxd7+ Nxd7 8.
c4 g6 9. Nc3 Bg7 10. Be3 O-O 11. Nd2 f5 12. f3 h6 13. O-O g5 14. Qe2 f4 15. Bf2
Nf6 16. b4 Ng6 17. c5 g4 18. Rac1 g3 19. Be1 gxh2+ 20. Kh1 Nh5 21. Nc4 Ng3+ 22.
Bxg3 fxg3 23. cxd6 cxd6 24. Qe1 Qg5 25. Ne2 Nf4 26. Nxf4 exf4 27. Nxd6 Qe5 28.
Nc4 Qe7 29. Qd2 Rad8 30. Rfe1 Qd7 31. Rc2 h5 32. d6 Qe6 33. Rd1 h4 34. Na5 Rd7
35. Rc7 Rxc7 36. dxc7 Be5 37. Qd7 1-0

[Event "Championnat de France des Jeunes - Pupil"]
[Site "Aix-les-Bains"]
[Date "2009.04.24"]
[Round "7.4"]
[White "Stili, Karim"]
[Black "Purenne, Benoit"]
[Result "0-1"]
[WhiteElo "1450"]
[BlackElo "1902"]
[PlyCount "138"]

1. e4 c5 2. c3 Nf6 3. e5 Nd5 4. d4 cxd4 5. Nf3 Nc6 6. cxd4 d6 7. Bc4 Nb6 8. Bb5
a6 9. Bxc6+ bxc6 10. exd6 Qxd6 11. Nc3 Bg4 12. h3 Bf5 13. O-O g6 14. Re1 Bg7
15. Qe2 Ra7 16. Be3 Nd5 17. Rac1 O-O 18. Nxd5 Qxd5 19. b3 a5 20. Rc5 Qd6 21.
Rec1 Rc8 22. Qd2 a4 23. d5 axb3 24. axb3 Ra6 25. dxc6 Qxd2 26. Bxd2 Bb2 27. Re1
e6 28. c7 Ba3 29. b4 Ra7 30. Ra1 Bxb4 31. Rxa7 Bxc5 32. Rb7 Bd6 33. Rb8 Rxb8
34. cxb8=Q+ Bxb8 35. g4 Be4 36. Nd4 Be5 37. Ne2 Bf3 38. Nf4 Kg7 39. Nd3 Ba1 40.
Kh2 Be4 41. Nc5 Bc2 42. Kg3 Kf6 43. Nd7+ Ke7 44. Nb6 Bb3 45. Nc8+ Kd7 46. Na7
Bc4 47. Ba5 Bd4 48. Bd8 Bxa7 49. Bf6 Bc5 50. f4 Be7 51. Bc3 f6 52. Kf3 Bd5+ 53.
Kg3 Be4 54. Bd4 Kc6 55. Kf2 Bc5 56. Ke3 Bxd4+ 57. Kxd4 Bg2 58. h4 Kd6 59. g5
e5+ 60. Ke3 exf4+ 61. Kxf4 f5 62. h5 Kd5 63. Kg3 Bf1 64. Kf2 gxh5 65. Kg3 Be2
66. Kf2 Bg4 67. Kg3 Ke4 68. Kh4 Ke3 69. g6 hxg6 0-1

[Event "Championnat de France des Jeunes - Pupil"]
[Site "Aix-les-Bains"]
[Date "2009.04.24"]
[Round "7.5"]
[White "Lam-Roques, Kalvin"]
[Black "Kambrath, Yannick"]
[Result "0-1"]
[WhiteElo "1717"]
[BlackElo "1857"]
[PlyCount "144"]

1. e4 e5 2. Nf3 Nc6 3. Bc4 Bc5 4. d3 Nf6 5. c3 d6 6. b4 Bb6 7. a4 a5 8. b5 Ne7
9. Bg5 Ng6 10. Nbd2 h6 11. Be3 Bxe3 12. fxe3 d5 13. exd5 Nxd5 14. Qb3 Be6 15.
Bxd5 Bxd5 16. c4 Be6 17. O-O O-O 18. Qc3 c6 19. bxc6 bxc6 20. c5 Qc7 21. Ne4 f6
22. Nd6 Ne7 23. e4 Nc8 24. Nc4 Qa7 25. Ne3 Nd6 26. Rfe1 Nb7 27. Rac1 Nd8 28. d4
exd4 29. Nxd4 Bd7 30. Nef5 Bxf5 31. exf5 Rc8 32. Qc4+ Kh8 33. Re3 Nf7 34. Ne6
Rfe8 35. Rg3 Ng5 36. Re1 Re7 37. h4 Nxe6 38. Rxe6 Rxe6 39. fxe6 Rc7 40. Re3 Re7
41. Kh1 Qb7 42. Qd4 Kh7 43. Qd3+ Kh8 44. Qd6 Kg8 45. Qd8+ Kh7 46. Qxa5 Qb1+ 47.
Qe1 Qc2 48. Qc3 Qxc3 49. Rxc3 Rxe6 50. Ra3 Re7 51. a5 Kg6 52. Kg1 Kf5 53. Kf2
Ra7 54. a6 Ke5 55. Ke3 Kd5 56. Ra5 Kc4 57. Ke4 Kb4 58. Ra1 Kxc5 59. Kf5 Kb5 60.
Kg6 c5 61. g4 c4 62. Rc1 Kb4 63. Rb1+ Kc5 64. Rb7 Rxa6 65. Kxg7 c3 66. Kxh6 f5+
67. Kg5 fxg4 68. Kxg4 c2 69. Rb8 c1=Q 70. Rc8+ Rc6 71. Rxc6+ Kxc6 72. h5 Qh6
0-1

[Event "Championnat de France des Jeunes - Pupil"]
[Site "Aix-les-Bains"]
[Date "2009.04.24"]
[Round "7.6"]
[White "Dubois, Adrien"]
[Black "Hyjazi, Theo"]
[Result "1/2-1/2"]
[WhiteElo "1540"]
[BlackElo "1770"]
[PlyCount "55"]

1. d4 d6 2. e4 Nf6 3. Nc3 e5 4. dxe5 dxe5 5. Qxd8+ Kxd8 6. Bg5 Be6 7. O-O-O+
Nbd7 8. Nf3 Kc8 9. Bb5 c6 10. Ba4 Kc7 11. Rhe1 Bb4 12. Bb3 Bxb3 13. cxb3 Be7
14. Nh4 g6 15. Nf3 Rhd8 16. Kb1 a5 17. Rc1 Kb8 18. Nd2 Nc5 19. Rcd1 Ne6 20. Bh4
Nf4 21. g3 Ne6 22. Bxf6 Bxf6 23. Nc4 Nd4 24. Ne2 Kc7 25. Nxd4 exd4 26. e5 Be7
27. Rd3 c5 28. Rc1 1/2-1/2

[Event "Championnat de France des Jeunes - Pupil"]
[Site "Aix-les-Bains"]
[Date "2009.04.24"]
[Round "7.7"]
[White "Beau, Pierre"]
[Black "Aubert, Lucas"]
[Result "0-1"]
[WhiteElo "1723"]
[BlackElo "1623"]
[PlyCount "122"]

1. e4 e6 2. d4 d5 3. e5 c5 4. c3 Nc6 5. Nf3 Qb6 6. a3 a5 7. Bd3 Bd7 8. Bc2 cxd4
9. cxd4 Nh6 10. Nc3 Rd8 11. O-O Bc8 12. Bg5 Rd7 13. Re1 Ng8 14. Na4 Qa7 15. Rc1
b5 16. Nc3 Qb8 17. Nxb5 Ba6 18. a4 Bb4 19. Re2 h6 20. Bd2 Bxd2 21. Rxd2 Bxb5
22. axb5 Nb4 23. Ne1 Ne7 24. Bb3 O-O 25. Nc2 Qxb5 26. Nxb4 Qxb4 27. Ba4 Rb7 28.
Rc3 Rfb8 29. f4 Qxc3 30. bxc3 Rb1 31. Kf2 Rxd1 32. Bxd1 Rc8 33. Rc2 a4 34. Ke3
a3 35. Kd2 Ra8 36. Ra2 Nc8 37. Be2 Nb6 38. Kc2 Nc4 39. Bxc4 dxc4 40. Kd2 Kh7
41. Ke3 Kg6 42. Ke4 Ra5 43. g4 f5+ 44. exf6 gxf6 45. h4 f5+ 46. gxf5+ exf5+ 47.
Kf3 Kh5 48. Kg3 Ra6 49. Kf3 Kg6 50. Ke3 Re6+ 51. Kf3 Ra6 52. Kg3 Kf6 53. Kf3
Ke6 54. h5 Kd5 55. Ke3 Ra7 56. Kf3 Kc6 57. Ke3 Kb5 58. Kd2 Ka4 59. Kc2 Rg7 60.
Ra1 Rg2+ 61. Kb1 Kb3 0-1

[Event "Championnat de France des Jeunes - Pupil"]
[Site "Aix-les-Bains"]
[Date "2009.04.24"]
[Round "7.8"]
[White "Dudognon, Thibaut"]
[Black "Eid, Amine"]
[Result "0-1"]
[WhiteElo "1660"]
[BlackElo "1845"]
[PlyCount "64"]

1. e4 c5 2. c3 g6 3. d4 cxd4 4. cxd4 d5 5. exd5 Nf6 6. Nc3 Nxd5 7. Nf3 Bg7 8.
h3 O-O 9. Bc4 Nxc3 10. bxc3 Qc7 11. Qb3 h6 12. O-O Nc6 13. Bd3 Be6 14. Qc2 Rac8
15. Bxh6 Bxh6 16. Bxg6 Qf4 17. Bh7+ Kh8 18. Nh2 Nxd4 19. Qb1 Ne2+ 20. Kh1 Nxc3
21. Qxb7 Kxh7 22. Qxe7 Rg8 23. Qxa7 Bd5 24. f3 Ne2 25. Qa3 Ng3+ 26. Kg1 Qd4+
27. Rf2 Qxa1+ 28. Rf1 Qd4+ 29. Rf2 Be3 30. Ng4 Bxf2+ 31. Nxf2 Rc2 32. Kh2 Rxf2
0-1

[Event "Championnat de France des Jeunes - Pupil"]
[Site "Aix-les-Bains"]
[Date "2009.04.24"]
[Round "7.9"]
[White "Hoerdt, Audran"]
[Black "Balagny-Carbuccia, Nicolas"]
[Result "0-1"]
[WhiteElo "1600"]
[BlackElo "1820"]
[PlyCount "46"]

1. e4 c5 2. Nf3 e6 3. d4 cxd4 4. Nxd4 Nc6 5. Nc3 Nf6 6. Nxc6 bxc6 7. e5 Nd5 8.
Ne4 f5 9. exf6 Nxf6 10. Nd6+ Bxd6 11. Qxd6 Ba6 12. c4 Qb6 13. Bd3 Bxc4 14. Bxc4
Ne4 15. Qf4 Qb4+ 16. Bd2 Nxd2 17. Qxd2 Qxc4 18. Qe2 Qb4+ 19. Kd1 O-O 20. f3 Rf4
21. Kc1 Rc4+ 22. Kb1 Qb5 23. Qd2 Qf5+ 0-1

[Event "Championnat de France des Jeunes - Pupil"]
[Site "Aix-les-Bains"]
[Date "2009.04.24"]
[Round "7.10"]
[White "Stark, Gabriel"]
[Black "Pruvot, Louis"]
[Result "0-1"]
[WhiteElo "1780"]
[BlackElo "1690"]
[PlyCount "78"]

1. d4 d5 2. c4 e6 3. Nc3 c6 4. Nf3 dxc4 5. a4 Bb4 6. e4 b5 7. Bd2 Nf6 8. e5 Nd5
9. Qc2 a6 10. axb5 Bxc3 11. Bxc3 cxb5 12. Bd2 Bb7 13. Ng5 Nc6 14. Nf3 h6 15.
Be2 O-O 16. O-O Qe7 17. Kh1 Rfd8 18. Be3 Qb4 19. Bd2 Qe7 20. Be3 Qc7 21. Nd2
Nce7 22. Bf3 Nf5 23. Bxd5 Rxd5 24. Qc3 Qc6 25. Nf3 Rad8 26. Rfd1 Qb6 27. Qb4
R5d7 28. Qc3 Bxf3 29. gxf3 Qc6 30. Kg1 Nh4 31. Kf1 Nxf3 32. h3 Nxe5 33. Qc2
Qh1+ 34. Ke2 Qf3+ 35. Kd2 Nd3 36. Rf1 e5 37. Qd1 Qf5 38. Ke2 exd4 39. Bc1 Re8+
0-1

[Event "Championnat de France des Jeunes - Pupil"]
[Site "Aix-les-Bains"]
[Date "2009.04.24"]
[Round "7.11"]
[White "Lagrave, Lucas"]
[Black "Delpierre, Elie"]
[Result "1/2-1/2"]
[WhiteElo "1770"]
[BlackElo "1660"]
[PlyCount "82"]

1. d4 Nf6 2. c4 g6 3. Nc3 Bg7 4. e4 d6 5. f3 O-O 6. Be3 e5 7. d5 Ne8 8. Qd2 f5
9. O-O-O f4 10. Bf2 Bd7 11. Be2 Na6 12. g3 Bh6 13. g4 b6 14. Bd3 Nc5 15. Nge2
Nxd3+ 16. Qxd3 Bxg4 17. fxg4 f3+ 18. Be3 fxe2 19. Qxe2 Bxe3+ 20. Qxe3 Rf4 21.
h3 Ng7 22. Ne2 Rf7 23. Rdf1 Qf8 24. Ng3 Rf4 25. Qa3 a5 26. Kd1 Qf7 27. Ke2 Rf8
28. Qc3 Rf2+ 29. Ke1 Qf3 30. Qxf3 R2xf3 31. Rxf3 Rxf3 32. Nf1 Ne8 33. Ke2 Rf4
34. Nd2 Nf6 35. Rf1 Rxf1 36. Kxf1 Kg7 37. Kf2 h6 38. Kf3 Kf7 39. Nb1 Nd7 40.
Ke3 Nc5 41. b3 Ke7 1/2-1/2

[Event "Championnat de France des Jeunes - Pupil"]
[Site "Aix-les-Bains"]
[Date "2009.04.24"]
[Round "7.12"]
[White "Vekemans, Sylvain"]
[Black "Bole, Oscar"]
[Result "1/2-1/2"]
[WhiteElo "1750"]
[BlackElo "1640"]
[PlyCount "66"]

1. c4 e5 2. g3 Bc5 3. Bg2 Nf6 4. Nc3 O-O 5. d3 h6 6. Nf3 d6 7. a3 a6 8. b4 Ba7
9. O-O Bf5 10. Nh4 Bc8 11. Rb1 c6 12. a4 Qe7 13. b5 axb5 14. axb5 Bd4 15. bxc6
bxc6 16. Bd2 Be6 17. Nf3 Bxc3 18. Bxc3 Nbd7 19. Nd2 d5 20. Rb7 Qa3 21. Bb4 Qa6
22. Rxd7 Nxd7 23. Bxf8 Kxf8 24. cxd5 cxd5 25. Nb3 Rb8 26. Qa1 Qxa1 27. Nxa1 Rb2
28. e4 d4 29. Rc1 Rd2 30. Bf1 Ke7 31. Nc2 Kd6 32. f4 g6 33. Nb4 Ke7 1/2-1/2

[Event "Championnat de France des Jeunes - Pupil"]
[Site "Aix-les-Bains"]
[Date "2009.04.24"]
[Round "7.13"]
[White "Rodriguez, Adrien"]
[Black "Le Pen, Steven"]
[Result "0-1"]
[WhiteElo "1620"]
[BlackElo "1726"]
[PlyCount "114"]

1. d4 Nf6 2. c4 g6 3. Nc3 d5 4. e3 Bg7 5. Nf3 O-O 6. Bd3 e6 7. O-O dxc4 8. Bxc4
c5 9. dxc5 Qa5 10. a4 Qxc5 11. b3 Qa5 12. Bd2 Qc5 13. Rc1 Qe7 14. Na2 Rd8 15.
Qe1 Qe8 16. Nd4 Ne4 17. Bb4 Bd7 18. f3 Nf6 19. Nc3 a6 20. g4 Bc6 21. g5 Nd5 22.
Nxd5 Bxd5 23. Bxd5 Rxd5 24. Qc3 Bxd4 25. exd4 Rxg5+ 26. Kh1 Nc6 27. Ba3 Rd5 28.
Bb2 Rad8 29. Rcd1 Qd7 30. Rd2 e5 31. dxe5 Rxd2 32. e6 Qd4 33. Qc1 Qxb2 34.
exf7+ Kxf7 35. Qc4+ R8d5 36. Qf4+ Qf6 37. Qc7+ Rd7 38. Qg3 Rd1 39. Rxd1 Rxd1+
40. Kg2 Rd2+ 41. Kh3 Qf5+ 42. Qg4 Qxg4+ 43. fxg4 Rd3+ 44. Kg2 Rxb3 45. h4 Ra3
46. h5 gxh5 47. gxh5 Rxa4 48. Kg3 Rb4 49. Kf3 a5 50. Ke3 a4 51. Kd3 a3 52. Kc3
a2 53. Kd3 a1=Q 54. Kc2 Qb2+ 55. Kd3 Ne5+ 56. Ke3 Qc3+ 57. Ke2 Rb2+ 0-1

[Event "Championnat de France des Jeunes - Pupil"]
[Site "Aix-les-Bains"]
[Date "2009.04.24"]
[Round "7.14"]
[White "Sarafian, Thomas"]
[Black "Baudry, Remi"]
[Result "1-0"]
[WhiteElo "1720"]
[BlackElo "1501"]
[PlyCount "115"]

1. e4 e6 2. d4 d5 3. Nd2 Nf6 4. e5 Nfd7 5. Bd3 c5 6. c3 Nc6 7. Ndf3 Qb6 8. a3
cxd4 9. cxd4 Nxd4 10. Nxd4 Qxd4 11. Nf3 Qb6 12. Qa4 Bc5 13. O-O a6 14. Qg4 Bf8
15. b4 Qc7 16. Bf4 Qc3 17. Be2 Qc2 18. Nd4 Qg6 19. Qh3 Qe4 20. Qe3 Qxe3 21.
fxe3 Be7 22. Bd3 b5 23. e4 Bb7 24. exd5 Bxd5 25. Rac1 Bd8 26. Ne2 Bb6+ 27. Kh1
Ke7 28. Nc3 Bb7 29. Ne4 Bxe4 30. Bxe4 Rac8 31. Bb7 Rxc1 32. Rxc1 a5 33. Ba6
axb4 34. axb4 Bd4 35. Bxb5 Nxe5 36. Rc7+ Kf6 37. Ba6 Ng6 38. Bg3 e5 39. b5 Rb8
40. Be1 Bb6 41. Rc6+ Ke7 42. Bb4+ Kd7 43. Bd6 Ba7 44. Bxb8 Bxb8 45. Rb6 Bd6 46.
Rb7+ Ke6 47. Ra7 Ne7 48. Ra8 h6 49. b6 Nc6 50. Bc4+ Ke7 51. Ra7+ Kd8 52. Rxf7
Nb8 53. Rxg7 Kc8 54. Rg6 Bc5 55. Rxh6 Kb7 56. Bd5+ Ka6 57. Rh8 Bd6 58. Rd8 1-0

[Event "Championnat de France des Jeunes - Pupil"]
[Site "Aix-les-Bains"]
[Date "2009.04.24"]
[Round "7.15"]
[White "Steyer-Striby, Alexis"]
[Black "Dupouy, Francois"]
[Result "0-1"]
[WhiteElo "1590"]
[BlackElo "1820"]
[PlyCount "134"]

1. Nf3 Nf6 2. g3 d6 3. d4 Bf5 4. Bg2 Nc6 5. O-O Qd7 6. Re1 O-O-O 7. c4 g6 8. a3
Bg7 9. Nc3 h5 10. e4 Bg4 11. Bg5 Nh7 12. Be3 g5 13. Qd2 Bxf3 14. Bxf3 g4 15.
Bg2 Nf6 16. b4 h4 17. Rab1 Rh5 18. Rbc1 e6 19. b5 Nb8 20. a4 d5 21. cxd5 exd5
22. Nxd5 Nxd5 23. exd5 h3 24. Bh1 Rxd5 25. Bxd5 Qxd5 26. f3 Qxf3 27. Qf2 Qxf2+
28. Kxf2 Bxd4 29. Bxd4 Rxd4 30. a5 Rd2+ 31. Kg1 Nd7 32. b6 axb6 33. axb6 c6 34.
Rf1 Ne5 35. Rf2 Nf3+ 36. Kf1 Nxh2+ 37. Ke1 Rxf2 38. Kxf2 Kd7 39. Ke3 Ke6 40.
Kf4 f5 41. Re1+ Kf6 42. Re5 Nf1 43. Rxf5+ Ke6 44. Re5+ Kd6 45. Re1 Nh2 46. Rh1
Nf3 47. Kxg4 Ne5+ 48. Kxh3 Kc5 49. Kg2 Kxb6 50. Kf2 Kc5 51. Rh5 Kd4 52. Ke2 b5
53. Kd2 c5 54. Rh4+ Kd5 55. Rh5 Kd4 56. Kc2 c4 57. Rh4+ Kc5 58. g4 b4 59. g5
Nf3 60. Rh5 c3 61. g6+ Kc4 62. g7 b3+ 63. Kb1 Nd2+ 64. Kc1 b2+ 65. Kd1 b1=Q+
66. Ke2 Qf1+ 67. Ke3 Qf3# 0-1

[Event "Championnat de France des Jeunes - Pupillettes"]
[Site "Aix-les-Bains"]
[Date ""]
[Round "7.1"]
[White "Dieuleveut, Floriane"]
[Black "Bellaiche, Elise"]
[Result "0-1"]
[WhiteElo "1651"]
[BlackElo "1826"]
[Annotator ""]

1. e4 e6 2. d4 d5 3. e5 c5 4. c3 Qb6 5. Nf3 Bd7 6. Bd3 Bb5 7. O-O Bxd3 8. Qxd3
Nc6 9. dxc5 Bxc5 10. Nbd2 Qc7 11. b4 Bb6 12. Qe2 Nge7 13. a4 a6 14. Nb3 Ng6 15.
Re1 O-O 16. Ba3 Rfd8 17. Rac1 Rac8 18. b5 axb5 19. Bd6 Qd7 20. Qxb5 Ba7 21. Rb1
Nb8 22. Rec1 Qxb5 23. axb5 Bb6 24. g3 f6 25. Nbd4 fxe5 26. Bxe5 Nd7 27. Bd6 Nf6
28. Bb4 e5 29. Nf5 Ne4 30. Rc2 Bc5 31. h4 Rf8 32. g4 h5 33. Nh2 hxg4 34. Ne3 g3
35. fxg3 Bxe3+ 36. Kh1 Bc5 0-1

[Event "Championnat de France des Jeunes - Pupil"]
[Site "Aix-les-Bains"]
[Date "2009.04.24"]
[Round "7.2"]
[White "Desarnaud, Manon"]
[Black "Imperor, Lorene"]
[Result "1/2-1/2"]
[WhiteElo "1600"]
[BlackElo "1667"]
[PlyCount "165"]

1. Nf3 d5 2. d4 Nf6 3. e3 c6 4. c4 e6 5. Nc3 Nbd7 6. Bd3 dxc4 7. Bxc4 b5 8. Bd3
a6 9. O-O Be7 10. e4 O-O 11. Qc2 Ne8 12. e5 f5 13. Bf4 Bb7 14. Qb3 Nc7 15. a3
c5 16. Be2 Nd5 17. Nxd5 Bxd5 18. Qc3 Rc8 19. Rac1 Qb6 20. Rfd1 Rc7 21. Be3 Rfc8
22. Qd3 Rf8 23. Bf4 Be4 24. Qe3 Rfc8 25. Qd2 cxd4 26. Rxc7 Rxc7 27. Nxd4 Bc5
28. h3 Bxd4 29. Qxd4 Qc6 30. Qc3 Qxc3 31. bxc3 Bd5 32. Rc1 Nc5 33. f3 Nb3 34.
Rc2 Bc4 35. Bxc4 Rxc4 36. Bg3 f4 37. Bf2 Ra4 38. Ra2 Na5 39. Kf1 Nc4 40. Bc5
Nxe5 41. Ke2 Rc4 42. Bd4 Ng6 43. Kd3 Kf7 44. Re2 Rc7 45. Ke4 Rc4 46. Kd3 Ra4
47. Bc5 Kf6 48. Bb4 Ne5+ 49. Kd4 Nc6+ 50. Kc5 Nxb4 51. axb4 Ra1 52. Rd2 Re1 53.
Kb6 Ra1 54. Kc5 Kf5 55. Rd3 e5 56. Kb6 h6 57. Kc5 Re1 58. Rd2 Kg5 59. Rd5 Kh4
60. Kb6 Kg3 61. Rd2 e4 62. fxe4 Rxe4 63. Kxa6 Re5 64. Kb6 g5 65. Kc6 h5 66. Kd6
Re3 67. Kc5 g4 68. hxg4 hxg4 69. Kxb5 Rxc3 70. Ka4 f3 71. gxf3 gxf3 72. b5 f2
73. Rxf2 Kxf2 74. b6 Rc1 75. Ka5 Ra1+ 76. Kb5 Ke3 77. b7 Kd4 78. Kb6 Rb1+ 79.
Kc6 Ke5 80. Kc7 Rc1+ 81. Kb6 Rb1+ 82. Kc7 Rc1+ 83. Kb6 1/2-1/2

[Event "Championnat de France des Jeunes - Pupil"]
[Site "Aix-les-Bains"]
[Date "2009.04.24"]
[Round "7.3"]
[White "Auvray, Honorine"]
[Black "Banat, Rizlene"]
[Result "1/2-1/2"]
[WhiteElo "1708"]
[BlackElo "1542"]
[PlyCount "115"]

1. e4 c5 2. Nf3 d6 3. d4 cxd4 4. Nxd4 Nf6 5. Nc3 g6 6. Be3 Bg7 7. f3 O-O 8. Qd2
Nc6 9. Bc4 Bd7 10. O-O-O Qa5 11. Kb1 Rfc8 12. Bb3 Ne5 13. g4 Nc4 14. Bxc4 Rxc4
15. h4 Rac8 16. h5 Qb4 17. a3 Qa5 18. hxg6 fxg6 19. Nb3 Qa6 20. e5 dxe5 21. g5
Bc6 22. gxf6 Bxf6 23. Rdf1 b6 24. Qe2 Ra4 25. Qxa6 Rxa6 26. Rh3 Bd7 27. Rh2 Be6
28. Ne4 Bf5 29. Nc3 Be6 30. Rfh1 h5 31. Rg1 Kh7 32. Rhg2 Rg8 33. Nb5 Ra4 34.
Nc3 Rc4 35. Nd2 Rcc8 36. Nde4 Rb8 37. Ng5+ Bxg5 38. Bxg5 Rg7 39. Be3 Rf8 40.
Ne4 Bd5 41. Ng5+ Kh8 42. Rg3 Rf5 43. Ne4 Kh7 44. Ng5+ Kh8 45. Ne4 Kh7 46. b3
Bxe4 47. fxe4 Rf6 48. Rg5 Re6 49. Rd1 Rf7 50. Rh1 Rf3 51. Bd2 Rf2 52. Be3 Re2
53. Rg3 Rc6 54. Rc1 Rc3 55. Bf2 Rxg3 56. Bxg3 Rxe4 57. Rd1 h4 58. Bf2 1/2-1/2